| 000 | 00774nam a2200241Ia 4500 | ||
|---|---|---|---|
| 003 | OSt | ||
| 005 | 20220927103416.0 | ||
| 006 | a|||||r|||| 00| 0 | ||
| 007 | ta | ||
| 008 | 220926b |||||||| |||| 00| 0 eng d | ||
| 024 | _a90278 | ||
| 037 | _cReference Collections | ||
| 040 |
_aRTL _cRTL _beng |
||
| 041 |
_2eng _aeng |
||
| 082 | _a"X9(J):6p1(X),N75, L5/UN" | ||
| 111 |
_aWorld Conference onCredit for Farmers in Developing Countries (1975 : Rome) _9357989 |
||
| 245 | 0 | _aProceedings | |
| 260 |
_aRome _bFood and Agriculture Organisation _c1975 |
||
| 490 | _a"Food and Agriculture Organisation, publication" | ||
| 650 |
_aAgriculture Industry _9357990 |
||
| 942 |
_h"X9(J):6p1(X),N75, L5/UN" _cCC |
||
| 999 |
_c683149 _d683149 |
||